كل امرئ حسب مزاجه / (رقم التسجيلة. 247184)
[ عرض عادي ]
| 000 -الفاتح | |
|---|---|
| عناصر البيانات ثابتة الطول | 00918nam a22002657i 4500 |
| 005 - تاريخ ووقت آخر معاملة | |
| حقل ضبط | 20251222094732.0 |
| 008 - عناصر البيانات ثابتة الطول | |
| عناصر البيانات ثابتة الطول | 250906s2021 ua ||||gr|||| 00| 1 ara d |
| 020 ## - الترقيم الدولي المعياري للكتب (ردمك) | |
| الترقيم الدولي المعياري للكتب (ردمك) | 9789777670944 |
| 040 ## - مصدر الفهرسة | |
| هيئة الفهرسة الأصلية | JO-AmGAM |
| قواعد الوصف | rda |
| 041 1# - كود اللغة | |
| كود اللغة لنص/مسار صوت أو عنوان منفصل | ara |
| 082 14 - رقم تصنيف ديوي العشري | |
| رقم التصنيف | 822 |
| رقم المادة | ج و ن |
| 100 1# - مدخل رئيسي – اسم شخصي | |
| الاسم الشخصي | جونسون، بن |
| علاقة الشخص بالعمل/ دوره | مؤلف. |
| 245 10 - بيان العنوان | |
| العنوان | كل امرئ حسب مزاجه / |
| بيان المسؤولية | بن جونسون ؛ تحرير وترجمة وتعقيب أسامة سليمان. |
| 250 ## - بيان الطبعة | |
| بيان الطبعة | الطبعة الأولى. |
| 264 31 - بيانات النشر، التوزيع…إلخ | |
| مكان النشر، التوزيع...إلخ | القاهرة : |
| اسم الناشر، الموزع...إلخ | شركة مدبولي، |
| تاريخ النشر، التوزيع...إلخ | 2021. |
| 300 ## - الوصف المادي | |
| عدد الوحدات المكونة للوعاء | 237 صفحة. |
| 336 ## - نوع المحتوى | |
| المصدر | rdacontent |
| مصطلح نوع المحتوى | نص |
| كود نوع المحتوى | txt |
| 337 ## - نوع الوسيط | |
| المصدر | rdamedia |
| مصطلح نوع الوسيط | دون وسيط عرض |
| كود نوع الوسيط | n |
| 338 ## - نوع الحامل | |
| المصدر | rdacarrier |
| مصطلح نوع الحامل | مجلد |
| كود نوع الحامل | nc |
| 650 17 - مدخل إضافي بالموضوع - مصطلح موضوعي | |
| مصطلح موضوعي أو اسم جغرافي كعنصر مدخل | المسرحيات الإنجليزية. |
| 650 17 - مدخل إضافي بالموضوع - مصطلح موضوعي | |
| مصطلح موضوعي أو اسم جغرافي كعنصر مدخل | الأدب الإنجليزي. |
| 700 1# - مدخل إضافي - اسم شخصي | |
| الاسم الشخصي | سليمان، أسامة |
| علاقة الشخص بالعمل/ دوره | مترجم. |
| 942 ## - بيانات إضافية (كوها) | |
| نوع التنصيف | Dewey Decimal Classification |
| نوع المادة (كوها) | كتب |
| حالة السحب | حالة الفقدان | مصدر التصنيف | حالة التلف | غير قابل للإعارة | المكتبة الرئيسية | المكتبة الحالية | موقع الرف | تاريخ التزويد | مصدر التزويد | العملة | التكلفة، سعر الشراء العادي | الرقم المتسلسل | Total Checkouts | رقم الإستدعاء | الباركود | تاريخ آخر ظهور | التكلفة وسعر الاستبدال | تاريخ الفاتورة | نوع المادة (كوها) |
|---|---|---|---|---|---|---|---|---|---|---|---|---|---|---|---|---|---|---|---|
| Dewey Decimal Classification | المكتبة المركزية | المكتبة المركزية | الإعارة | 22/10/2025 | 18 | JOD | 6.00 | 1795575 | 822 / ج و ن | PLD00518290 | 22/10/2025 | 6.00 | 22/10/2025 | كتب | |||||
| Dewey Decimal Classification | مكتبة الأميرة ايمان العامة | مكتبة الأميرة ايمان العامة | الإعارة | 22/10/2025 | 18 | JOD | 6.00 | 1795576 | 822 / ج و ن | PLD00518291 | 22/10/2025 | 6.00 | 22/10/2025 | كتب | |||||
| Dewey Decimal Classification | مكتبة الجويدة | مكتبة الجويدة | الإعارة | 22/10/2025 | 18 | JOD | 6.00 | 1795578 | 822 / ج و ن | PLD00518293 | 22/10/2025 | 6.00 | 22/10/2025 | كتب | |||||
| Dewey Decimal Classification | مكتبة صويلح العامة | مكتبة صويلح العامة | الإعارة | 22/10/2025 | 18 | JOD | 6.00 | 1795577 | 822 / ج و ن | PLD00518292 | 22/10/2025 | 6.00 | 22/10/2025 | كتب | |||||
| Dewey Decimal Classification | مكتبة وادي السير العامة | مكتبة وادي السير العامة | الإعارة | 22/10/2025 | 18 | JOD | 6.00 | 1795579 | 822 / ج و ن | PLD00518294 | 22/10/2025 | 6.00 | 22/10/2025 | كتب |